000
00340nam a22001577a 4500
005
20160629164105.0
008
160629b xxu||||| |||| 00| 0 eng d
020
_a
06-700-5791-6
041
_a
eng
082
_b
10847
245
_a
Prophets of New India
260
_b
Penguin
300
_a
269
650
_a
Management
_9
241
942
_c
BK
999
_c
4746
_d
4744